000 00592nam a2200193Ia 4500
003 IN-BaIIA
008 211028s9999 xx 000 0 eng d
020 _a0-521-63636-1
040 _cIIA Library
080 _a531.1
_bJOS
100 _aJose, J. V.
_922439
245 0 _aClassical dynamics
_ba contemporary approach
_cJ. V. Jose and E. J. Saletan
260 _aCambridge
_bCambridge University Press
_c1998
300 _axxv, 670p.
650 _aDynamics
_91519
650 _aMechanics
700 _aSaletan, E. J.
_922440
942 _cBK
999 _c12804
_d12804